[Event "Napoli Moscarella Memorial"]
[Site "Napoli"]
[Date "2016.01.21"]
[Round "3"]
[White "Esposito, Luca"]
[Black "Ambrosio, Giuseppe"]
[Result "1-0"]
[WhiteElo "2221"]
[BlackElo "2079"]
[PlyCount "104"]
[EventDate "2016.01.07"]
[EventType "swiss"]
[EventRounds "6"]
[EventCountry "ITA"]
[SourceTitle "EXT 2018"]
[Source "ChessBase"]
[SourceDate "2017.10.13"]
[SourceVersion "1"]
[SourceVersionDate "2017.10.13"]
[SourceQuality "1"]

1. d4 Nf6 2. c4 g6 3. Nc3 d5 4. Nf3 Bg7 5. Qb3 dxc4 6. Qxc4 Be6 7. Qb5+ Bd7 8. Qd3 c5 9. d5 0-0 10. e4 e6 11. Be2 exd5 12. exd5 Na6 13. 0-0 Nc7 14. Rd1 Re8 15. Bg5 Bf5 16. Qd2 a6 17. Nh4 Qd7 18. Nxf5 Qxf5 19. Bf3 Rad8 20. h3 Ne6 21. Be3 Nd4 22. Bxd4 cxd4 23. Qxd4 Nxd5 24. Qc5 Nxc3 25. Qxf5 Ne2+ 26. Kf1 gxf5 27. Rxd8 Rxd8 28. Kxe2 Bxb2 29. Rb1 Bc3 30. Rxb7 f4 31. Bh5 Rd2+ 32. Kf3 Bd4 33. Bxf7+ Kg7 34. Bd5+ Kg6 35. Kxf4 Bxf2 36. Be4+ Kf6 37. Rxh7 Rxa2 38. Rh6+ Kg7 39. Rg6+ Kf8 40. g3 a5 41. h4 Bd4 42. Bd5 Rf2+ 43. Ke4 Bc3 44. h5 Rf6 45. Rg8+ Ke7 46. g4 Bd2 47. g5 Rf1 48. h6 Rh1 49. Kd3 Rh2 50. h7 Rxh7 51. Kxd2 Kd6 52. Bc4 Rh2+ 1-0

[Event "Napoli Province-ch"]
[Site "Napoli"]
[Date "2012.11.29"]
[Round "2"]
[White "Ambrosio, Giuseppe"]
[Black "Auletta, Angelo"]
[Result "1/2-1/2"]
[WhiteElo "2084"]
[BlackElo "2190"]
[PlyCount "76"]
[EventDate "2012.11.22"]
[EventType "swiss"]
[EventRounds "7"]
[EventCountry "ITA"]
[SourceTitle "EXT 2014"]
[Source "ChessBase"]
[SourceDate "2013.11.20"]
[SourceVersion "1"]
[SourceVersionDate "2013.11.20"]
[SourceQuality "1"]

1. d4 Nf6 2. Bg5 c5 3. Bxf6 gxf6 4. d5 Qb6 5. Qc1 f5 6. g3 Bg7 7. c3 d6 8. Nd2 Nd7 9. Nc4 Qa6 10. e3 b5 11. Na3 Qb7 12. Qd2 a6 13. Nh3 Nf6 14. Bg2 e5 15. Rd1 h5 16. Ng5 h4 17. f4 e4 18. Nc2 a5 19. gxh4 Rxh4 20. Qf2 Rh6 21. h4 Nxd5 22. Nxe4 fxe4 23. Bxe4 Be6 24. Qf3 b4 25. Rxd5 Rd8 26. Rxd6 Qe7 27. Rxd8+ Qxd8 28. Qd1 Qe7 29. f5 Bxa2 30. Qg4 Kf8 31. cxb4 axb4 32. Ke2 Bxb2 33. Rg1 Rh8 34. Nd4 Qf6 35. Qf4 cxd4 36. Qb8+ Ke7 37. Qc7+ Kf8 38. Qb8+ Ke7 1/2-1/2

[Event "Napoli Sociale-ch"]
[Site "Napoli"]
[Date "2012.07.03"]
[Round "5"]
[White "Ambrosio, Giuseppe"]
[Black "Baltzopoulos, Giorgos"]
[Result "1-0"]
[WhiteElo "2070"]
[BlackElo "1941"]
[PlyCount "49"]
[EventDate "2012.05.31"]
[EventType "swiss"]
[EventRounds "7"]
[EventCountry "ITA"]
[SourceTitle "EXT 2018"]
[Source "ChessBase"]
[SourceDate "2017.10.13"]
[SourceVersion "1"]
[SourceVersionDate "2017.10.13"]
[SourceQuality "1"]

1. d4 d5 2. c4 c6 3. Nc3 Nf6 4. e3 Bf5 5. Nf3 e6 6. Qb3 Qb6 7. Be2 Nbd7 8. 0-0 h6 9. Bd2 Bd6 10. c5 Qxb3 11. axb3 Bc7 12. b4 0-0 13. b5 Rfe8 14. Ra3 e5 15. Rfa1 a6 16. bxc6 bxc6 17. Rxa6 Rxa6 18. Rxa6 Nb8 19. Ra7 Rc8 20. Na2 Bg4 21. h3 Bh5 22. g4 Bg6 23. Nb4 exd4 24. exd4 Nfd7 25. Ba6 1-0

[Event "Napoli Sociale-ch"]
[Site "Napoli"]
[Date "2012.06.21"]
[Round "4"]
[White "Buiano, Fabio"]
[Black "Ambrosio, Giuseppe"]
[Result "0-1"]
[WhiteElo "2077"]
[BlackElo "2070"]
[PlyCount "94"]
[EventDate "2012.05.31"]
[EventType "swiss"]
[EventRounds "7"]
[EventCountry "ITA"]
[SourceTitle "EXT 2018"]
[Source "ChessBase"]
[SourceDate "2017.10.13"]
[SourceVersion "1"]
[SourceVersionDate "2017.10.13"]
[SourceQuality "1"]

1. e4 c5 2. Nc3 g6 3. f4 Bg7 4. Nf3 Nc6 5. Bb5 Nd4 6. 0-0 a6 7. Bc4 e6 8. d3 Ne7 9. Nxd4 cxd4 10. Ne2 f5 11. e5 b5 12. Bb3 Qb6 13. Qe1 Nc6 14. Qf2 Rb8 15. c3 dxc3 16. Be3 Qc7 17. bxc3 Kf7 18. g4 Na5 19. gxf5 gxf5 20. Bd1 h5 21. h4 d6 22. Ng3 dxe5 23. Bxh5+ Kg8 24. Rae1 Qe7 25. Qh2 Bf6 26. fxe5 Bxh4 27. Rf4 Bg5 28. Kf2 Kf8 29. Qg1 Bxf4 30. Bxf4 Qh4 31. Ke3 Rxh5 32. Nxh5 Qxh5 33. Re2 Bb7 34. Kd2 Qg4 35. Qh2 Kf7 36. Qh6 Qg6 37. Qh4 Rg8 38. Rh2 Bd5 39. Rf2 Nc6 40. Rh2 Rg7 41. Qh8 Rg8 42. Qh4 Ne7 43. a3 Bc6 44. Rf2 Nd5 45. Rh2 Nxf4 46. Qxf4 Qg5 47. Rh7+ Ke8 0-1

[Event "Napoli Porreca Cup 1st"]
[Site "Napoli"]
[Date "2011.11.10"]
[Round "7"]
[White "Grasso, Nino"]
[Black "Ambrosio, Giuseppe"]
[Result "1/2-1/2"]
[WhiteElo "2003"]
[BlackElo "2059"]
[PlyCount "67"]
[EventDate "2011.09.22"]
[EventType "swiss"]
[EventRounds "7"]
[EventCountry "ITA"]
[SourceTitle "EXT 2018"]
[Source "ChessBase"]
[SourceDate "2017.10.13"]
[SourceVersion "1"]
[SourceVersionDate "2017.10.13"]
[SourceQuality "1"]

1. e4 c5 2. d4 cxd4 3. c3 dxc3 4. Nxc3 e6 5. Nf3 Bc5 6. Bc4 Ne7 7. Bg5 f6 8. Bh4 Nbc6 9. 0-0 Ng6 10. Bg3 0-0 11. Qe2 Nge5 12. Nxe5 fxe5 13. Rad1 Qe7 14. Nd5 Qg5 15. Ne3 Kh8 16. a3 a5 17. Ba2 b6 18. Nc4 Nd4 19. Qd2 Qxd2 20. Rxd2 d6 21. Nxd6 Bxd6 22. Rxd4 exd4 23. Bxd6 Ba6 24. Rd1 Rfc8 25. Bxe6 Rc2 26. f4 d3 27. Be5 Re8 28. Bg4 Kg8 29. Bf3 g5 30. g3 h6 31. Bc3 Bc4 32. e5 b5 33. Be4 Rd8 34. Bxa5 1/2-1/2

[Event "Napoli Porreca Cup 1st"]
[Site "Napoli"]
[Date "2011.10.20"]
[Round "5"]
[White "Avolio, Giovanni"]
[Black "Ambrosio, Giuseppe"]
[Result "0-1"]
[WhiteElo "1879"]
[BlackElo "2059"]
[PlyCount "86"]
[EventDate "2011.09.22"]
[EventType "swiss"]
[EventRounds "7"]
[EventCountry "ITA"]
[SourceTitle "EXT 2018"]
[Source "ChessBase"]
[SourceDate "2017.10.13"]
[SourceVersion "1"]
[SourceVersionDate "2017.10.13"]
[SourceQuality "1"]

1. c4 Nf6 2. Nc3 c5 3. g3 Nc6 4. Bg2 e5 5. d3 h6 6. Nf3 Be7 7. 0-0 0-0 8. Bd2 d5 9. cxd5 Nxd5 10. Nxe5 Nxc3 11. Nxc6 Nxe2+ 12. Qxe2 bxc6 13. Rfe1 Bf6 14. Bxc6 Rb8 15. Bc3 Ba6 16. Rad1 Qd6 17. Qf3 Rfd8 18. Bxf6 Qxf6 19. Qxf6 gxf6 20. b3 Bxd3 21. Re7 a6 22. Rde1 Bf5 23. Kg2 Rd2 24. R1e2 Rbd8 25. Re8+ Kg7 26. Rxd8 Rxe2 27. a4 Be6 28. Ra8 Bxb3 29. Rxa6 Re6 30. Bb5 Rxa6 31. Bxa6 Bxa4 32. Kf3 f5 33. Bc4 Kf6 34. Kf4 Bd7 35. f3 Be6 36. Bd3 Bd5 37. Bxf5 Bxf3 38. Bc2 Bd5 39. g4 Ba2 40. h4 c4 41. g5+ hxg5+ 42. hxg5+ Kg7 43. Ke5 Bb3 0-1

[Event "Napoli Porreca Cup 1st"]
[Site "Napoli"]
[Date "2011.10.13"]
[Round "4"]
[White "Ambrosio, Giuseppe"]
[Black "Capone, Vincenzo"]
[Result "0-1"]
[WhiteElo "2059"]
[BlackElo "2176"]
[PlyCount "60"]
[EventDate "2011.09.22"]
[EventType "swiss"]
[EventRounds "7"]
[EventCountry "ITA"]
[SourceTitle "EXT 2018"]
[Source "ChessBase"]
[SourceDate "2017.10.13"]
[SourceVersion "1"]
[SourceVersionDate "2017.10.13"]
[SourceQuality "1"]

1. d4 Nf6 2. Bg5 Ne4 3. Bf4 c5 4. d5 Qb6 5. Nd2 Nxd2 6. Bxd2 e5 7. e4 d6 8. Bd3 Be7 9. Ne2 Nd7 10. 0-0 Nf6 11. c4 Bd7 12. b4 cxb4 13. Rb1 Qc7 14. Rxb4 b6 15. Qb3 0-0 16. a4 Rfb8 17. Rb1 a5 18. Rxb6 Rxb6 19. Qxb6 Qxb6 20. Rxb6 Bxa4 21. f4 Nd7 22. Rb7 Bf6 23. Bb1 exf4 24. Bxf4 Ne5 25. Nc3 Be8 26. Nb5 g5 27. Bg3 Bxb5 28. cxb5 Rc8 29. Bxe5 Bxe5 30. Bd3 Rc3 0-1

[Event "Castellaneta op"]
[Site "Castellaneta"]
[Date "1998.??.??"]
[Round "3"]
[White "Femiano, Andrea"]
[Black "Ambrosio, Giuseppe"]
[Result "1/2-1/2"]
[WhiteElo "2215"]
[BlackElo "2105"]
[PlyCount "20"]
[EventDate "1998.??.??"]
[EventType "swiss"]
[EventRounds "6"]
[EventCountry "ITA"]
[SourceTitle "EXT 2000"]
[Source "ChessBase"]
[SourceDate "1999.11.16"]
[SourceVersion "1"]
[SourceVersionDate "1999.11.16"]
[SourceQuality "1"]

1. e4 c5 2. Nf3 Nc6 3. d4 cxd4 4. Nxd4 Nf6 5. Nc3 d6 6. Bg5 Bd7 7. Qd2 Rc8 8. 0-0-0 Nxd4 9. Qxd4 Qa5 10. f4 e5 1/2-1/2

[Event "Castellaneta op"]
[Site "Castellaneta"]
[Date "1997.??.??"]
[Round "?"]
[White "Ambrosio, Giuseppe"]
[Black "Leoncini, Mario"]
[Result "1/2-1/2"]
[WhiteElo "2095"]
[BlackElo "2180"]
[PlyCount "49"]
[EventDate "1997.??.??"]
[EventType "swiss"]
[EventRounds "6"]
[EventCountry "ITA"]
[SourceTitle "EXT 2000"]
[Source "ChessBase"]
[SourceDate "1999.11.16"]
[SourceVersion "1"]
[SourceVersionDate "1999.11.16"]
[SourceQuality "1"]

1. d4 d5 2. c4 e6 3. Nf3 Nf6 4. Nc3 Be7 5. e3 0-0 6. Bd3 b6 7. 0-0 Bb7 8. cxd5 exd5 9. b3 Nbd7 10. Bb2 Ne4 11. Rc1 f5 12. Qe2 a6 13. Rc2 Bd6 14. Nb1 Qf6 15. Ba3 c5 16. Nc3 Nxc3 17. Rxc3 cxd4 18. Bxd6 dxc3 19. Bxf8 Nxf8 20. Nd4 f4 21. Rc1 fxe3 22. fxe3 Qe5 23. Rxc3 Ne6 24. Qf2 Rf8 25. Qg3 1/2-1/2